00517nam a2200217Ia 450000500170000000800410001702000180005804100080007608200160008410000200010024500470012025000090016726000310017626000090020730000090021665000130022565000130023865000130025170000250026401000100028920250425162559.0250425s9999 xx 000 0 und d a9780940000000 aeng a594.4098615 aCOAN, EUGENE V. 0aBIVALVE SEASHELLS OF TROPICAL WEST AMERICA aS.E. aEstados UnidosbS.E.c2012 aS.L. a-659 aMOLUSCOS aMOLUSCOS aMOLUSCOS aVELNTICH-SCOTT, PAUL a86978